| 000 | 01416nam a22003255b 4500 | ||
|---|---|---|---|
| 001 | bimo0000432230 | ||
| 003 | AR-RoIUNI | ||
| 005 | 20210322133854.0 | ||
| 007 | ta | ||
| 008 | 950222s1993 sp | r ||| ||spa d | ||
| 016 | 7 |
_abimoBNE19950057316 _2SpMaBN |
|
| 017 |
_aM 7300-1993 _bOficina Depósito Legal Madrid |
||
| 020 | _a8477747148 | ||
| 035 | _a(OCoLC)46668072 | ||
| 040 |
_aSpMaBN _cIUNIR |
||
| 041 | 1 |
_aspa _heng |
|
| 080 | _a81'42 | ||
| 100 | 1 | _aHerrnstein Smith, Barbara. | |
| 240 | 1 | 0 |
_aOn the margins of discourse _lEspañol |
| 245 | 1 | 0 |
_aAl margen del discurso : _bla relación de la literatura con el lenguaje / _cBarbara Herrnstein Smith ; [traducción de Elena Elorriaga]. |
| 260 |
_aMadrid : _bVisor, _c[1993]. |
||
| 300 |
_a167 p. ; _c24 cm. |
||
| 490 | 0 |
_aVisor literatura y debate crítico ; _v14 |
|
| 505 | 0 | _aPrimera parte. Hacia una teoría del discurso ficticio. Capítulo 1.La literatura como actuación, ficción y arte -- Capítulo 2. La poesía como ficción -- Capítulo 3. Al margen del discurso - Segunda parte. El intercambio de palabras: sobre la economía y la ética de las transacciones verbales. Capítulo 4. En el mercado lingüístico -- Capítulo 5. Licenciar lo indecible -- Capítulo 6. La ética de la interpretación. | |
| 650 | 4 |
_aPSICOLOGÍA _9108 |
|
| 650 | 4 |
_aLITERATURA _9557 |
|
| 650 | 4 | _aLINGÜÍSTICA | |
| 650 | 4 |
_aFILOSOFÍA _977 |
|
| 942 |
_2cdu _cBK |
||
| 999 |
_c3255 _d3255 |
||